Представление документа в формате RUSMARC

ПолеНазваниеЗначение
  Тип записи a
  Библиографический уровень m
001 Контрольный номер UONB/MAIN/7a624ea9ebda4b6e8b4c0874fda1d874
005 Дата корректировки 20251121115243.7
010 Индекс ISBN __
d Цена 80 к.
9 Тираж 800 экз.
100 Данные общей обработки __
a Данные общей обработки 20230214d1965 u y0rusy0189 ca
101 Язык документа 0_
a Язык текста rus
102 Страна публикации __
a Страна публикации RU
105 Кодированные данные (монография) __
a Кодированные данные (монография) a z 001yy
200 Заглавие и сведения об ответственности 1_
a Заглавие Применение радиационных труб в промышленности
e Сведения, относящиеся к заглавию тезисы докладов Науч.-техн. конференции. Ноябрь-дек. 1965 г.
f Первые сведения об ответственности Ин-т газа Акад. наук УССР. Киевский обл. совет науч.-техн. обществ. Киевское обл. правл. НТО нефтегазовой пром-сти
203 Вид содержания и тип средства __
a Вид содержания Текст
b Характеристика содержания визуальный
c Тип средства непосредственный
210 Выходные данные 1_
a Место издания Киев
c Издательство [б. и.]
d Дата издания 1965
215 Физическое описание __
a Объем 132 с.
c Иллюстрации/тип воспроизводства ил.
d Формат 26 см
300 Общие примечания __
a Общие примечания На обл. загл.: Расчет, конструирование и применение радиационных труб в промышленности
320 Библиография __
a Библиография Библиогр. в конце докл.
512 Заглавие обложки 1_
a Заглавие обложки Расчет, конструирование и применение радиационных труб в промышленности
606 Тематические рубрики 0_
a Основная рубрика Нагреватели трубчатые
j Формальный подзаголовок Тезисы докладов
610 Ключевые слова 0_
a Ключевые слова нагреватели трубчатые; радиационные трубы; промышленность
675 Индекс УДК __
a Индекс УДК 6П4.51-08
686 Индексы других классификаций __
a Классификационный индекс 34
2 Код системы rubbk
712 Наименование организации (Вторичная ответственность) 02
a Организация/ юрисдикция Академия наук УССР
b Другие уровни Институт газа
b Другие уровни Киевский областной совет научно-технических обществ. Киевское областное правление НТО нефтегазовой промышлености
4 Код отношения 570
801 Источник записи _0
a Страна RU
b Организация Ульяновская ОНБ
c Дата составления 20230214
g Правила каталогизации RCR
801 Источник записи _1
a Страна RU
b Организация Ульяновская ОНБ
c Дата составления 20230214
g Правила каталогизации RCR
901 Тип документа __
t Тип документа m
909 Создатель записи __
a Создатель записи Полина
b Дата создания записи 20230214